Analýza a identifikácia potrieb rozvoja administratívnych pracovníkov výskumná správa
Gespeichert in:
| 1. Verfasser: | |
|---|---|
| Körperschaft: | |
| Format: | Buch |
| Sprache: | Slowakisch |
| Veröffentlicht: |
Bratislava
2006
|
| Schlagworte: | |
| Tags: |
Keine Tags, Fügen Sie das erste Tag hinzu!
|
MARC
| LEADER | 00000nam$a2200000$$$4500 | ||
|---|---|---|---|
| 001 | 0057913 | ||
| 005 | 20240503072243.5 | ||
| 041 | 0 | |a slo | |
| 044 | |a SK | ||
| 245 | 1 | 0 | |a Analýza a identifikácia potrieb rozvoja administratívnych pracovníkov |b výskumná správa |c Michaela Pechová |
| 264 | 1 | |a Bratislava |c 2006 | |
| 300 | |a 41 s. | ||
| 610 | 2 | 0 | |a riadenie ľudských zdrojov |
| 610 | 2 | 0 | |a pracovníci administratívni |
| 610 | 2 | 0 | |a administratíva |
| 610 | 2 | 0 | |a spôsobilosť k práci |
| 610 | 2 | 0 | |a motivácia pracovná |
| 610 | 2 | 0 | |a kompetencie |
| 610 | 2 | 0 | |a mzdy |
| 100 | 1 | |a Pechová, Michaela, 1977- | |
| 710 | 2 | |a Národohospodárska fakulta EU. Katedra sociálneho rozvoja a práce | |